| 000 -LEADER |
| fixed length control field |
00687cam a22001818a 4500 |
| 020 ## - INTERNATIONAL STANDARD BOOK NUMBER |
| ISBN |
9781933392905 |
| 020 ## - INTERNATIONAL STANDARD BOOK NUMBER |
| ISBN |
1933392908 |
| 040 ## - CATALOGING SOURCE |
| Transcribing agency |
DLC |
| 082 00 - DEWEY DECIMAL CLASSIFICATION NUMBER |
| Classification number |
658 ILL 2002 C150 Or. |
| 100 1# - MAIN ENTRY--AUTHOR NAME |
| Personal name |
Pollard, Dave, |
| 245 10 - TITLE STATEMENT |
| Title |
Finding the sweet spot : |
| Remainder of title |
the natural entrepreneur's guide to responsible, sustainable, joyful work / |
| 300 ## - PHYSICAL DESCRIPTION |
| Number of Pages |
xiv, 208 pages : |
| Other physical details |
illustrations ; |
| Dimensions |
23 cm. |
| 500 ## - GENERAL NOTE |
| General note |
"A guide to finding where your gifts, passions, and purpose intersect"--Cover. |
| 650 #0 - SUBJECT ADDED ENTRY--TOPICAL TERM |
| Topical Term |
Entrepreneurship |
| 856 42 - ELECTRONIC LOCATION AND ACCESS |
| Uniform Resource Identifier |
http://www.loc.gov/catdir/enhancements/fy0834/2008017907-b.html |
| 856 42 - ELECTRONIC LOCATION AND ACCESS |
| Uniform Resource Identifier |
http://www.loc.gov/catdir/enhancements/fy0834/2008017907-d.html |
| 942 ## - ADDED ENTRY ELEMENTS (KOHA) |
| Koha item type |
ADB |
| 952 ## - LOCATION AND ITEM INFORMATION (KOHA) |
| Withdrawn status [LOCAL, KOHA] |
0 |